Životní jubileum prof. MUDr. Jiřího Havránka, CSc.

Bibliographic Details
Main Authors: Kříž, J. (Author), Lener, J. (Author)
Format: Article
Language:Czech

MARC

LEADER 00000nab a2200000uu 4500
001 vtls011140315
003 SK-MaSNL
005 20260303120709.0
008 230131|1998 xo |||||||||||||||||cze|
015 |a SNBRB 
035 |a (urnnbn)urn:nbn:sk:snk:ar-007ztc 
035 |a (uuid)079e7782-6b02-4c3e-9007-b42a4e789383 
035 |a urn:nbn:sk:snk-abasa4 
040 |a SNKBUCL  |b slo  |c SNKBUCL  |e AACR2 
041 0 |a cze 
044 |a xo  |c SK 
100 1 |a Kříž, J.  |4 aut  |9 778627 
245 1 0 |a Životní jubileum prof. MUDr. Jiřího Havránka, CSc.  |c J. Kříž, J. Lener 
700 1 |a Lener, J.  |4 aut  |9 270690 
773 0 |t Hygiena : časopis pro ochranu a podporu zdraví  |g Roč. 43, č. 3 (1998), s. 188-190 
954 |a odborná, vedecká literatúra cudzojazyčná (svetová)  |2 lita 
958 |a OND 
958 |a EUIPO 
958 |a article14 
999 |c 1911921  |d 1913851